<?xml version="1.0" encoding="UTF-8"?>
<record
    xmlns:xsi="http://www.w3.org/2001/XMLSchema-instance"
    xsi:schemaLocation="http://www.loc.gov/MARC21/slim http://www.loc.gov/standards/marcxml/schema/MARC21slim.xsd"
    xmlns="http://www.loc.gov/MARC21/slim">

  <leader>00861nam a22002417a 4500</leader>
  <datafield tag="952" ind1=" " ind2=" ">
    <subfield code="a">0001</subfield>
    <subfield code="b">0001</subfield>
    <subfield code="d">2019-03-12</subfield>
    <subfield code="l">0</subfield>
    <subfield code="o">956.101511 B55 2014</subfield>
    <subfield code="p">018993</subfield>
    <subfield code="r">2019-03-12 00:00:00</subfield>
    <subfield code="w">2019-03-12</subfield>
    <subfield code="y">BKS</subfield>
  </datafield>
  <datafield tag="999" ind1=" " ind2=" ">
    <subfield code="c">12909</subfield>
    <subfield code="d">12909</subfield>
  </datafield>
  <controlfield tag="003">MIRAKIL</controlfield>
  <controlfield tag="005">20190312163248.0</controlfield>
  <controlfield tag="008">190312b        tu ||||| |||| 00| 0 tur d</controlfield>
  <datafield tag="020" ind1=" " ind2=" ">
    <subfield code="a">9789751629371</subfield>
  </datafield>
  <datafield tag="040" ind1=" " ind2=" ">
    <subfield code="a">TR-AnCHP</subfield>
    <subfield code="c">TR-AnCHP</subfield>
  </datafield>
  <datafield tag="041" ind1=" " ind2=" ">
    <subfield code="a">tur</subfield>
  </datafield>
  <datafield tag="082" ind1=" " ind2=" ">
    <subfield code="a">956.101511</subfield>
    <subfield code="b">B55 2014</subfield>
  </datafield>
  <datafield tag="111" ind1=" " ind2=" ">
    <subfield code="a">1402 Ankara Sava&#x15F;&#x131; Uluslararas&#x131; Kongresi</subfield>
    <subfield code="c">Ankara</subfield>
    <subfield code="d">2012</subfield>
  </datafield>
  <datafield tag="245" ind1="1" ind2="0">
    <subfield code="a">1402 Ankara Sava&#x15F;&#x131; Uluslararas&#x131; Kongresi</subfield>
    <subfield code="b">(Y&#x131;ld&#x131;r&#x131;m-Timur)</subfield>
    <subfield code="c">edit&#xF6;r Mustafa Alkan</subfield>
  </datafield>
  <datafield tag="260" ind1=" " ind2=" ">
    <subfield code="a">Ankara :</subfield>
    <subfield code="b">T&#xFC;k Tarih Kurumu,</subfield>
    <subfield code="c">2014.</subfield>
  </datafield>
  <datafield tag="300" ind1=" " ind2=" ">
    <subfield code="a">xxvi, 738 s.:</subfield>
    <subfield code="b">fot&#x11F;.,  hrt.;</subfield>
    <subfield code="c">24 sm.</subfield>
  </datafield>
  <datafield tag="490" ind1="0" ind2=" ">
    <subfield code="a">T&#xFC;rk Tarih Kurumu yay&#x131;nlar&#x131;;</subfield>
    <subfield code="v">VIII. Dizi-say&#x131; 11</subfield>
  </datafield>
  <datafield tag="600" ind1=" " ind2="0">
    <subfield code="9">5431</subfield>
    <subfield code="a">Y&#x131;ld&#x131;r&#x131;m Bayezid</subfield>
    <subfield code="d">1389-1403</subfield>
  </datafield>
  <datafield tag="600" ind1=" " ind2="0">
    <subfield code="9">5432</subfield>
    <subfield code="a">Timur</subfield>
    <subfield code="d">1336-1405</subfield>
  </datafield>
  <datafield tag="650" ind1=" " ind2="0">
    <subfield code="9">5430</subfield>
    <subfield code="a">Ankara  sava&#x15F;&#x131;</subfield>
    <subfield code="x">Osmanl&#x131; imparatorlu&#x11F;u</subfield>
    <subfield code="y">1402</subfield>
  </datafield>
  <datafield tag="700" ind1=" " ind2=" ">
    <subfield code="9">5433</subfield>
    <subfield code="a">Alkan, Mustafa</subfield>
    <subfield code="e">ed.</subfield>
  </datafield>
  <datafield tag="942" ind1=" " ind2=" ">
    <subfield code="2">ddc</subfield>
    <subfield code="c">BKS</subfield>
  </datafield>
</record>
